| 000 | 00462nam a2200181Ia 4500 | ||
|---|---|---|---|
| 008 | 230917s9999||||xx |||||||||||||| ||und|| | ||
| 020 | _cRS1495 | ||
| 040 |
_e227958 _aMAIN |
||
| 041 | _aEnglish | ||
| 082 | _a342 J199P(6) | ||
| 100 | _aJain, M P | ||
| 245 | 0 | _aPrinciples of administrative law | |
| 250 | _a6th ed. | ||
| 260 |
_aGurgaon _bLexix Nexis _c2010 |
||
| 300 | _a1100 p. | ||
| 500 | _a2086 26/08/2015 KB15/115 11/09/2015 Main Budget | ||
| 942 | _cBK | ||
| 999 |
_c15710 _d15710 |
||